000 00748nam a2200229 a 4500
001 44438
003 BD-RjUL
005 20211209053847.0
008 160717s1965 bg ||||| |||| 00| 0 ben d
035 _a(BD-RjUL)44556
040 _aBD-RjUL
_bben
_cBD-RjUL
041 _aben
082 _223
_a297.246
_bAHT 1965
100 1 _aআহমদ, রশীদ
_9136396
245 1 0 _aতায্‌কেরাতুল আম্বিয়া /
_cরশীদ আহমদ
260 _aঢাকা :
_bশিরিন পাবলিকেশন্স,
_c১৯৬৫
300 _aখন্ড ;
_c১৮ সেমি.
505 _aখন্ড ১ ও ২--
650 _aনবী
_9124996
650 _aProphets
_9136397
942 _2ddc
_cBK
999 _c44438
_d44438